00730nas a2200205 i 4500003000500000005001700005008004100022040002500063082001600088245002300104264005800127300005700185336002100242336002800263337002500291338002300316362004700339500010200386651003600488PPAK20230608104058.0230606c1961 my bo gr 000 0 eng d aPPAKbengcPPAKerda04223a959.50500aMALAYA in History  1a[Kuala Lumpur] : bMalayan Historical Society, c1961 a38 pages : bblack and white illustrations ; c24 cm atext2rdacontent astill image2rdacontent aunmediated2rdamedia avolume2rdacarrier aVolume Sixteen, Number Two (December 1973) aOffprint from The Magazine of the Malayan Historical Society Volume, 7, Number. 1, September 19610 aMalaysia xHistoryvPeriodicals